| 000 | 00319nam a22001217a 4500 | ||
|---|---|---|---|
| 020 | _a07-014690-X | ||
| 082 | _a629.24 CRO'A | ||
| 100 |
_aCROUSE, WILLIAM H _940261 |
||
| 245 | _aAUTMOTIVE CHASSIS AND BODY COSTRUCTION OPERATION AND MAINTENANCE | ||
| 260 |
_aNEWYORK _bMCGRAW HILL _c1971 |
||
| 300 | _a444P | ||
| 942 | _cBK | ||
| 999 |
_c583898 _d583898 |
||